Top 10 staTues tHat CriEd bloOd - Bring Me the Horizon - Statistics

General Stats
  • This quiz has been taken 11 times
  • The average score is 225 of 301
Answer Stats
% Correct
deep
100%
drowning
100%
go
100%
gonna
100%
have
100%
I
100%
I'm
100%
in
100%
me
100%
my
100%
no
100%
No,
100%
No
100%
of
100%
one's
100%
rescue
100%
scars
100%
sleep
100%
the
100%
The
100%
to
100%
too
100%
you
100%
a
83%
amount
83%
and
83%
And
83%
basic
83%
blood,
83%
chemistry
83%
come
83%
free
83%
guess
83%
it's
83%
just
83%
love
83%
open
83%
our
83%
realize
83%
set
83%
some
83%
starting
83%
us
83%
we
83%
wounds
83%
all
67%
are
67%
at
67%
back,
67%
back
67%
born
67%
can
67%
cause
67%
Cause
67%
could
67%
got
67%
is
67%
maybe
67%
that
67%
these
67%
tragedy
67%
up
67%
with
67%
gets
50%
gun
50%
hell
50%
I'll
50%
know
50%
light
50%
like
50%
myself
50%
ourselves
50%
put
50%
Someone
50%
(Someone)
50%
take
50%
walls
50%
your
50%
you're
50%
bottom,
33%
but
33%
fight's
33%
guts,
33%
hearts
33%
hit
33%
how
33%
inside,
33%
into
33%
least
33%
low,
33%
nowhere
33%
once
33%
own
33%
paint
33%
spill
33%
stitch
33%
There's
33%
there's
33%
tonight
33%
Tonight,
33%
war
33%
Yeah,
33%
Yeah
33%
you'll
33%
hardest
17%
hurt
17%
Or
17%
thing
17%
world
17%
No matching quizzes found
Score Distribution
Percent of People with Each Score
Percentile by Number Answered
Your Score History
You have not taken this quiz